00663nam a2200229 i 450000100060000000300090000600500170001500700030003200800390003502000180007408000280009210000200012024500540014025000120019426000290020630000220023549000150025750400320027260000520030483000150035685200620037112985ES-MaACL20251122151508.0t|940210s1993 sp |||| |bspa a84-86293-81-2 a929 Hernández, Miguel1 aCollado, Pedro.10aMiguel Hernández y su tiempo / cPedro Collado. a1ª ed. aMadrid : bVOSA, c1993. a259 p. ; c20 cm.1 aDocumentos aBibliografía: p. 257-259.14aHernández, Miguel, d1910-1942-xBiografías1 aDocumentos aES-MaACLjL-20341 z- Dedicatoria autógrafa del autor